000
00289nam a22001217a 4500
008
171027b xxu||||| |||| 00| 0 eng d
041
_a
eng
080
_a
336
100
_a
56
101
_a
FIN
245
_a
FINANCIAL MARKETS AND INCOMPLETE INFORMATION
_c
BHATTACHARYA, S
942
_2
udc
_c
BK
999
_c
36204
_d
36204